000 00485nam a2200157 i 4500
001 23375
003 ES-MaACL
007 t|
008 021210s1967 mx ||||1| spa d
100 1 _aAllen, Cady H.
_919980
245 1 3 _aEl mensaje del libro del Apocalipsis /
_cautor, Cady H. Allen ; traducido por Lorenzo P. Van Slyke.
260 _aMéxico :
_bEl Faro,
_c1967.
300 _a158 p. ;
_c17 cm.
700 1 _aSlyke, Lorenzo P. Van.
_9106803
852 _aES-MaACL
_jE-9362
_bR.93644
999 _c23375
_d23375